Under New Management. (Record no. 252302)

MARC details
000 -LEADER
fixed length control field 00431nam a2200181Ia 4500
008 - FIXED-LENGTH DATA ELEMENTS--GENERAL INFORMATION
fixed length control field 090630s9999 xx 000 0 und d
082 ## - DEWEY DECIMAL CLASSIFICATION NUMBER
Item number 446
100 ## - MAIN ENTRY--PERSONAL NAME
Personal name Jacob Naami.
245 ## - TITLE STATEMENT
Title Under New Management.
Statement of responsibility, etc Jacob Naami.
260 ## - PUBLICATION, DISTRIBUTION, ETC. (IMPRINT)
Name of publisher, distributor, etc ---
300 ## - PHYSICAL DESCRIPTION
Extent 248
600 ## - SUBJECT ADDED ENTRY--PERSONAL NAME
Personal name Jacob Naami.
630 ## - SUBJECT ADDED ENTRY--UNIFORM TITLE
Uniform title Under New Management.
655 ## - INDEX TERM--GENRE/FORM
Genre/form data or focus term English.
700 ## - ADDED ENTRY--PERSONAL NAME
Personal name Jacob Naami.
730 ## - ADDED ENTRY--UNIFORM TITLE
Uniform title Under New Management.
942 ## - ADDED ENTRY ELEMENTS (KOHA)
Koha item type Book
Holdings
Withdrawn status Lost status Damaged status Not for loan Home library Current library Date acquired Cost, normal purchase price Total Checkouts Full call number Barcode Date last seen Cost, replacement price Price effective from Koha item type
        Sarvajanik Wachanalaya Shrivardhan Sarvajanik Wachanalaya Shrivardhan 02/08/2004 0.00   446 SAWASHRI-446 06/30/2009 0.00 06/30/2009 Book